|
|
|
|
| LEADER |
00000nab a2200000ua 4500 |
| 001 |
vtls010852862 |
| 003 |
SK-MaSNL |
| 005 |
20260303110153.0 |
| 008 |
230121s1995 xo |||||||||||||||||slo| |
| 035 |
|
|
|a (urnnbn)urn:nbn:sk:snk:ar-a07e6a
|
| 035 |
|
|
|a urn:nbn:sk:snk-ab6crt
|
| 035 |
|
|
|a (uuid)02feee45-83e7-4bea-866e-42862ffe97e6
|
| 040 |
|
|
|a SNKBUCL
|b slo
|c SNKBUCL
|e AACR2
|
| 041 |
0 |
|
|a slo
|
| 044 |
|
|
|a xo
|c SK
|
| 100 |
1 |
|
|a Krajčík, Štefan,
|d 1950-
|4 aut
|9 207116
|
| 245 |
1 |
0 |
|a Diagnostika príčin pádov a starostlivosť o starých ľudí s pádmi
|c Š. Krajčík
|
| 773 |
0 |
|
|t Eurorehab : časopis pre otázky experimentálnej a klinickej rehabilitácie, fyzikálnej medicíny a bioklimatológie
|g Roč. 5, č. 3 (1995), s. 137-140
|
| 954 |
|
|
|a odborná, vedecká literatúra pôvodná (slovenská)
|2 lita
|
| 958 |
|
|
|a OND
|
| 958 |
|
|
|a EUIPO
|
| 958 |
|
|
|a article5
|
| 999 |
|
|
|c 1868436
|d 1870366
|